000 nam a22 a 4500
999 _c3470
_d3470
005 20170523091842.0
008 170523b2006 nju||||| |||| 00| 0 eng d
020 _a9780805847628
040 _aAKMAL
082 _a658.4092 MAR
090 _a658.4092
_bMAR
100 _aBass, Bernard M.
_96966
245 _aTransformational leadership /
_cBernard M. Bass, Ronald E. Riggio.
250 _a2nd ed.
260 _aMahwah, N.J.
_aLondon
_bLawrence Erlbaum Associates
_c2006.
300 _axiii, 282 p.
_bill.
_c24cm
504 _aIncludes bibliographical references (p. 237-263) and indexes.
650 _aLeadership.
_9120
650 _aOrganizational change.
_9567
700 _aRiggio, Ronald E.
_96967
942 _2ddc
_cBOOK